[Event "I Torneo Primavera C.A. Alcorcon 2019"]
[Site "Alcorcón ESP"]
[Date "2019.04.07"]
[Round "3.7"]
[White "Arribas Jimenez, Pedro Angel"]
[Black "Martin Lozano, Miguel Angel"]
[Result "1-0"]
[WhiteElo "1855"]
[BlackElo "1724"]
[PlyCount "83"]
[EventDate "2019.03.24"]
[EventType "swiss"]
[EventRounds "9"]
[EventCountry "ESP"]
[SourceTitle "Ajedrez en Madrid"]
[Source "lmi"]
[SourceDate "2019.03.24"]
[SourceVersion "1"]
[SourceVersionDate "2019.05.22"]
[SourceQuality "1"]

1. e4 e6 2. d4 d5 3. e5 c5 4. Qg4 cxd4 5. Bd3 g6 6. Nf3 Nh6 7. Qf4 Nf5 8. g4
Bh6 9. Ng5 Bxg5 10. Qxg5 Qxg5 11. Bxg5 Ng7 12. Bf6 O-O 13. Nd2 Nd7 14. Nb3 Ne8
15. Be7 Nxe5 16. h3 Nxd3+ 17. cxd3 e5 18. Kd2 b6 19. g5 Nc7 20. Bxf8 Kxf8 21.
Rae1 e4 22. Nxd4 Ba6 23. dxe4 dxe4 24. Rc1 Rd8 25. Rxc7 Rxd4+ 26. Ke3 Rd3+ 27.
Kxe4 Rd2 28. Rxa7 Bc4 29. Rc1 Be6 30. b3 Rxf2 31. Rd1 Kg7 32. Rd6 Bxh3 33. Rxb6
Re2+ 34. Kf4 Be6 35. a4 h5 36. gxh6+ Kxh6 37. a5 g5+ 38. Kf3 Rb2 39. Rxf7 Rxb3+
40. Rxb3 Bxb3 41. Rf6+ Kh5 42. a6 1-0

[Event "I Torneo Primavera C.A. Alcorcon 2019"]
[Site "Alcorcón ESP"]
[Date "2019.04.07"]
[Round "3.9"]
[White "Lopez Guitian, Juan J."]
[Black "Del Rio Perezagua, Mario"]
[Result "0-1"]
[WhiteElo "1567"]
[BlackElo "1819"]
[PlyCount "76"]
[EventDate "2019.03.24"]
[EventType "swiss"]
[EventRounds "9"]
[EventCountry "ESP"]
[SourceTitle "Ajedrez en Madrid"]
[Source "lmi"]
[SourceDate "2019.03.24"]
[SourceVersion "1"]
[SourceVersionDate "2019.05.22"]
[SourceQuality "1"]

1. Nf3 Nf6 2. c4 g6 3. Nc3 Bg7 4. d4 O-O 5. e4 d6 6. Be2 Qe8 7. O-O e5 8. d5 a5
9. Bd2 Na6 10. Ne1 Nd7 11. Rc1 f5 12. f3 Ndc5 13. Be3 f4 14. Bf2 g5 15. Nd3 b6
16. a3 h5 17. Nxc5 dxc5 18. Nb5 Rf7 19. Ra1 Bf8 20. Qd2 Rg7 21. Rfd1 g4 22. Kf1
g3 23. hxg3 fxg3 24. Be3 Qd8 25. d6 c6 26. Nc7 Ra7 27. Nxa6 Bxa6 28. Bh6 Qh4
29. Ke1 Qh1+ 30. Bf1 Bxc4 31. Qe3 Qxf1+ 32. Kd2 Qf2+ 33. Kc3 Qxe3+ 34. Bxe3 Be6
35. Bh6 Rh7 36. Bxf8 Kxf8 37. Rh1 h4 38. Rag1 Rad7 0-1

[Event "I Torneo Primavera C.A. Alcorcon 2019"]
[Site "Alcorcón ESP"]
[Date "2019.04.14"]
[Round "4.1"]
[White "Medina Riesgo, Pedro"]
[Black "Aguilera Lopez, Alejandro"]
[Result "0-1"]
[WhiteElo "2195"]
[BlackElo "2203"]
[PlyCount "102"]
[EventDate "2019.03.24"]
[EventType "swiss"]
[EventRounds "9"]
[EventCountry "ESP"]
[SourceTitle "Ajedrez en Madrid"]
[Source "lmi"]
[SourceDate "2019.03.24"]
[SourceVersion "1"]
[SourceVersionDate "2019.05.22"]
[SourceQuality "1"]

1. e4 c5 2. Nf3 e6 3. d3 Nc6 4. g3 g6 5. Bg2 Bg7 6. O-O Nge7 7. Re1 d6 8. c3
O-O 9. Be3 Bd7 10. d4 cxd4 11. Nxd4 a6 12. Na3 b5 13. Nac2 Qc7 14. f4 Rab8 15.
Qe2 e5 16. Nxc6 Nxc6 17. f5 gxf5 18. Qh5 Ne7 19. Nb4 Bc8 20. exf5 Bxf5 21. Nxa6
Qc8 22. Nxb8 Bg4 23. Nc6 Nxc6 24. Qh4 Be6 25. Rad1 Qc7 26. Bh6 Ne7 27. Bxg7
Kxg7 28. Qg5+ Ng6 29. Qe3 Bxa2 30. Bd5 Bc4 31. b3 Bxd5 32. Rxd5 f5 33. Red1 Rf6
34. Ra1 Qc6 35. Qd3 f4 36. Rf1 h5 37. Rxb5 h4 38. Qc4 Qd7 39. Qd5 Qg4 40. Rb7+
Kh6 41. Qf3 Qxf3 42. Rxf3 e4 43. Rxf4 Nxf4 44. gxf4 Rxf4 45. Rd7 Kg5 46. Rxd6
Kg4 47. Rg6+ Kf3 48. Kf1 Ke3+ 49. Ke1 Rf2 50. Rg4 Rxh2 51. Kd1 Kd3 0-1

[Event "I Torneo Primavera C.A. Alcorcon 2019"]
[Site "Alcorcón ESP"]
[Date "2019.04.14"]
[Round "4.2"]
[White "Campos Tores, Jose Luis"]
[Black "Barahona Torrijos, Angel"]
[Result "1-0"]
[WhiteElo "1904"]
[BlackElo "1821"]
[PlyCount "89"]
[EventDate "2019.03.24"]
[EventType "swiss"]
[EventRounds "9"]
[EventCountry "ESP"]
[SourceTitle "Ajedrez en Madrid"]
[Source "lmi"]
[SourceDate "2019.03.24"]
[SourceVersion "1"]
[SourceVersionDate "2019.05.22"]
[SourceQuality "1"]

1. d4 Nf6 2. c4 e6 3. Nc3 d5 4. cxd5 exd5 5. Bg5 Be7 6. e3 h6 7. Bh4 O-O 8. Bd3
Nc6 9. Rc1 Ne8 10. Bxe7 Nxe7 11. Qc2 c6 12. Nf3 Nd6 13. O-O Bf5 14. Nd2 Bxd3
15. Qxd3 f5 16. b4 Ne4 17. b5 Qd6 18. bxc6 Nxc6 19. Ncxe4 fxe4 20. Qb3 Rf7 21.
Rc5 Ne7 22. Nb1 b6 23. Rc2 Kh8 24. Nc3 a6 25. Nxe4 Qe6 26. Ng3 Nc6 27. Qxb6 Rc8
28. Qxa6 Rfc7 29. Rfc1 Nxd4 30. Qxe6 Nxe6 31. Rxc7 Rxc7 32. Rxc7 Nxc7 33. Kf1
Kg8 34. Ke2 Kf7 35. Kd3 Ke6 36. Ne2 Kd6 37. Nd4 Kc5 38. Nf5 Ne8 39. a3 h5 40.
h4 g6 41. Ne7 Nd6 42. Nxg6 Nc4 43. Nf4 Nxa3 44. Nxh5 Nb5 45. Nf4 1-0

[Event "I Torneo Primavera C.A. Alcorcon 2019"]
[Site "Alcorcón ESP"]
[Date "2019.04.14"]
[Round "4.3"]
[White "Torres Rebolledo, Victor"]
[Black "Arribas Jimenez, Pedro Angel"]
[Result "0-1"]
[WhiteElo "1561"]
[BlackElo "1855"]
[PlyCount "66"]
[EventDate "2019.03.24"]
[EventType "swiss"]
[EventRounds "9"]
[EventCountry "ESP"]
[SourceTitle "Ajedrez en Madrid"]
[Source "lmi"]
[SourceDate "2019.03.24"]
[SourceVersion "1"]
[SourceVersionDate "2019.05.22"]
[SourceQuality "1"]

1. d4 d6 2. Nf3 Nf6 3. e3 g6 4. b3 Bg7 5. Bb2 O-O 6. Bd3 c5 7. O-O Nc6 8. a3
Bg4 9. c4 Nd7 10. Be2 Qb6 11. dxc5 Nxc5 12. Bxg7 Kxg7 13. b4 Ne4 14. h3 Be6 15.
Nd4 Nxd4 16. exd4 Bf5 17. Bf3 Ng5 18. Bg4 Bxb1 19. Rxb1 f5 20. Be2 Ne4 21. Rb3
Rfd8 22. Bf3 Ng5 23. c5 Qc7 24. Qa1 Kf7 25. Re1 d5 26. Qa2 Qf4 27. Qe2 e6 28.
Qe5 Qxe5 29. Rxe5 Ne4 30. Rd3 Kf6 31. Kf1 a5 32. b5 Nxc5 33. Re2 Nxd3 0-1

[Event "I Torneo Primavera C.A. Alcorcon 2019"]
[Site "Alcorcón ESP"]
[Date "2019.04.14"]
[Round "4.4"]
[White "Fernandez Sanchez, Lorenzo"]
[Black "Cabañas Bravo, Juan Andres"]
[Result "0-1"]
[WhiteElo "1881"]
[BlackElo "1962"]
[PlyCount "174"]
[EventDate "2019.03.24"]
[EventType "swiss"]
[EventRounds "9"]
[EventCountry "ESP"]
[SourceTitle "Ajedrez en Madrid"]
[Source "lmi"]
[SourceDate "2019.03.24"]
[SourceVersion "1"]
[SourceVersionDate "2019.05.22"]
[SourceQuality "1"]

1. d4 Nf6 2. Bf4 g6 3. e3 d5 4. c4 Bg7 5. Nf3 O-O 6. Nc3 c5 7. dxc5 Qa5 8. Qb3
dxc4 9. Bxc4 Qxc5 10. O-O Nc6 11. Be2 Na5 12. Qb5 Qxb5 13. Nxb5 Nd5 14. Be5 a6
15. Bxg7 Kxg7 16. Nbd4 b5 17. Rac1 Bb7 18. Ne5 Rac8 19. Bf3 e6 20. Rfd1 Rxc1
21. Rxc1 Rc8 22. Rxc8 Bxc8 23. Bxd5 exd5 24. b3 Nb7 25. Nd3 Nd6 26. Nb4 Bb7 27.
f3 a5 28. Nbc6 a4 29. Nb4 Kf6 30. Kf2 Ke5 31. Nd3+ Kf6 32. Nc5 axb3 33. axb3
Bc8 34. g4 g5 35. Nd3 Ke7 36. Nb4 Bb7 37. Ke2 Kd7 38. Kd3 Kc7 39. Kc3 Kb6 40.
Nd3 Bc8 41. Kb4 f5 42. h3 fxg4 43. hxg4 Bd7 44. Ne5 Be8 45. Ne6 h6 46. Ng7 Bf7
47. Kc3 Bg8 48. Kd4 b4 49. Nd7+ Kc6 50. Nf6 Nb5+ 51. Kd3 Bf7 52. Nf5 Bg6 53.
Ng8 Bxf5+ 54. gxf5 h5 55. Nf6 h4 56. Ng4 Kd6 57. e4 h3 58. f6 dxe4+ 59. fxe4
Ke6 60. e5 Nc3 61. Ke3 Nd5+ 62. Kf3 Nf4 63. Ke4 Ne2 64. Kf3 Nd4+ 65. Kg3 Nxb3
66. Kxh3 Nc5 67. Ne3 Kxe5 68. f7 Ne6 69. Kg4 b3 70. f8=Q Nxf8 71. Kxg5 Ne6+ 72.
Kg4 Ke4 73. Nc4 Kd3 74. Nb2+ Kc2 75. Nc4 Kc3 76. Ne3 Kd3 77. Nd1 Nc5 78. Nb2+
Kc3 79. Nd1+ Kd2 80. Nb2 Nd3 81. Nc4+ Kc3 82. Ne3 Ne5+ 83. Kf4 Nc4 84. Nd5+ Kd2
85. Nf6 b2 86. Ne4+ Kc2 87. Nc5 b1=Q 0-1

[Event "I Torneo Primavera C.A. Alcorcon 2019"]
[Site "Alcorcón ESP"]
[Date "2019.04.14"]
[Round "4.5"]
[White "Martin Lozano, Miguel Angel"]
[Black "Recuenco Andres, Javier"]
[Result "1-0"]
[WhiteElo "1724"]
[BlackElo "1865"]
[PlyCount "61"]
[EventDate "2019.03.24"]
[EventType "swiss"]
[EventRounds "9"]
[EventCountry "ESP"]
[SourceTitle "Ajedrez en Madrid"]
[Source "lmi"]
[SourceDate "2019.03.24"]
[SourceVersion "1"]
[SourceVersionDate "2019.05.22"]
[SourceQuality "1"]

1. d4 d6 2. Bf4 Nf6 3. e3 Bg4 4. Nf3 Nh5 5. Bg5 h6 6. Bh4 g5 7. Bg3 Nxg3 8.
hxg3 Bg7 9. Be2 c5 10. c3 Qb6 11. Qb3 Nd7 12. Nbd2 Qxb3 13. axb3 O-O 14. Bd3
Bxf3 15. Nxf3 f5 16. Bc4+ Rf7 17. Be6 Nb6 18. dxc5 dxc5 19. Ra5 Kf8 20. Bxf7
Kxf7 21. Rxc5 Kf6 22. Ke2 a5 23. Ra1 a4 24. Rb5 Ra6 25. Rb4 e5 26. Rb5 Ke6 27.
b4 Nc4 28. Rxb7 Bf8 29. Ra2 Rd6 30. Rc7 Kd5 31. Rc5+ 1-0

[Event "I Torneo Primavera C.A. Alcorcon 2019"]
[Site "Alcorcón ESP"]
[Date "2019.04.14"]
[Round "4.6"]
[White "Bustos Bernardo, Samuel"]
[Black "Gonzalez Lopez, Sergio"]
[Result "1-0"]
[WhiteElo "2178"]
[BlackElo "1762"]
[PlyCount "63"]
[EventDate "2019.03.24"]
[EventType "swiss"]
[EventRounds "9"]
[EventCountry "ESP"]
[SourceTitle "Ajedrez en Madrid"]
[Source "lmi"]
[SourceDate "2019.03.24"]
[SourceVersion "1"]
[SourceVersionDate "2019.05.22"]
[SourceQuality "1"]

1. d4 Nf6 2. c4 e6 3. Nf3 c5 4. d5 exd5 5. cxd5 d6 6. Nc3 Be7 7. e4 O-O 8. h3
Re8 9. Bd3 a6 10. a4 Qc7 11. O-O Nbd7 12. Bf4 Ne5 13. Bxe5 dxe5 14. a5 Nd7 15.
Nd2 b5 16. axb6 Nxb6 17. Qe2 Kf8 18. Bxa6 Bxa6 19. Rxa6 Qb7 20. Rfa1 Rxa6 21.
Qxa6 Qxa6 22. Rxa6 Rb8 23. Kf1 f6 24. Ke2 c4 25. Kd1 Bc5 26. f3 f5 27. Kc2 Ke8
28. Na4 Nxa4 29. Rxa4 Rb4 30. Rxb4 Bxb4 31. Nxc4 fxe4 32. fxe4 1-0

[Event "I Torneo Primavera C.A. Alcorcon 2019"]
[Site "Alcorcón ESP"]
[Date "2019.04.28"]
[Round "5.1"]
[White "Aguilera Lopez, Alejandro"]
[Black "Periotto Miori, Fabrizio Lautaro"]
[Result "1/2-1/2"]
[WhiteElo "2203"]
[BlackElo "1634"]
[PlyCount "88"]
[EventDate "2019.03.24"]
[EventType "swiss"]
[EventRounds "9"]
[EventCountry "ESP"]
[SourceTitle "Ajedrez en Madrid"]
[Source "lmi"]
[SourceDate "2019.03.24"]
[SourceVersion "1"]
[SourceVersionDate "2019.05.22"]
[SourceQuality "1"]

1. e3 e5 2. c4 Nc6 3. Nc3 g6 4. Nf3 Bg7 5. d4 d6 6. Be2 exd4 7. exd4 Nf6 8. Bg5
O-O 9. Qd2 a5 10. O-O Ne7 11. Nh4 c6 12. Rfe1 Nf5 13. Nxf5 Bxf5 14. d5 Qc7 15.
Bf3 Rae8 16. h3 Rxe1+ 17. Rxe1 h5 18. dxc6 bxc6 19. Bf4 Rd8 20. Rd1 Ne8 21. c5
Bf8 22. g4 hxg4 23. hxg4 Be6 24. Kg2 Qd7 25. Qe2 d5 26. Ne4 dxe4 27. Rxd7 exf3+
28. Qxf3 Rxd7 29. Qc3 Ra7 30. Kg3 Ra8 31. Be5 a4 32. f4 Be7 33. f5 gxf5 34.
gxf5 Bxf5 35. Qf3 Bg6 36. Qxc6 Rd8 37. Qb5 Rd3+ 38. Kf2 Nf6 39. Ke2 Rd8 40. Qa5
Ne4 41. Bd6 Nxd6 42. cxd6 Rxd6 43. Qxa4 Re6+ 44. Kf3 Bh5+ 1/2-1/2

[Event "I Torneo Primavera C.A. Alcorcon 2019"]
[Site "Alcorcón ESP"]
[Date "2019.04.28"]
[Round "5.2"]
[White "Cabañas Bravo, Juan Andres"]
[Black "Campos Tores, Jose Luis"]
[Result "1-0"]
[WhiteElo "1962"]
[BlackElo "1904"]
[PlyCount "77"]
[EventDate "2019.03.24"]
[EventType "swiss"]
[EventRounds "9"]
[EventCountry "ESP"]
[SourceTitle "Ajedrez en Madrid"]
[Source "lmi"]
[SourceDate "2019.03.24"]
[SourceVersion "1"]
[SourceVersionDate "2019.05.22"]
[SourceQuality "1"]

1. e4 c5 2. Nf3 d6 3. d4 cxd4 4. Nxd4 Nf6 5. Nc3 a6 6. Bg5 e6 7. f4 h6 8. Bxf6
Qxf6 9. Qd2 Nd7 10. O-O-O g5 11. f5 Ne5 12. fxe6 fxe6 13. Kb1 Bd7 14. Be2 h5
15. Rhf1 Qg7 16. Nb3 Be7 17. Qd4 Rc8 18. Na5 b5 19. Nb7 Rc6 20. Qa7 Nf7 21.
Qa8+ Bd8 22. e5 O-O 23. Bxh5 Nxe5 24. Rxf8+ Qxf8 25. Qxd8 Qxd8 26. Nxd8 Rc8 27.
Nb7 d5 28. Re1 Nc4 29. Be2 Nb6 30. Na5 e5 31. h3 b4 32. Nd1 Bf5 33. Ne3 Bg6 34.
g4 Be4 35. Bd1 Nd7 36. Rf1 d4 37. Nf5 Rc7 38. Nd6 Bg2 39. Rf5 1-0

[Event "I Torneo Primavera C.A. Alcorcon 2019"]
[Site "Alcorcón ESP"]
[Date "2019.04.28"]
[Round "5.3"]
[White "Lopez Mijail, Nicolas"]
[Black "Medina Riesgo, Pedro"]
[Result "1/2-1/2"]
[WhiteElo "1950"]
[BlackElo "2195"]
[PlyCount "90"]
[EventDate "2019.03.24"]
[EventType "swiss"]
[EventRounds "9"]
[EventCountry "ESP"]
[SourceTitle "Ajedrez en Madrid"]
[Source "lmi"]
[SourceDate "2019.03.24"]
[SourceVersion "1"]
[SourceVersionDate "2019.05.22"]
[SourceQuality "1"]

1. e4 c5 2. Nf3 g6 3. d4 cxd4 4. Nxd4 Nf6 5. Nc3 Nc6 6. Nxc6 dxc6 7. Qxd8+ Kxd8
8. Bc4 Bg7 9. a4 Ke8 10. h3 e5 11. Be3 Bf8 12. O-O-O Bb4 13. Bg5 Nd7 14. Ne2 h6
15. Bh4 Bc5 16. c3 a5 17. Rd2 g5 18. Bg3 f6 19. h4 g4 20. h5 Be7 21. f3 Nc5 22.
b3 b5 23. axb5 cxb5 24. Bxb5+ Kf7 25. Bc4+ Be6 26. Bxe6+ Kxe6 27. Kc2 Rab8 28.
Rb1 gxf3 29. gxf3 Rhg8 30. Bf2 Rg5 31. Ng3 Rc8 32. Nf5 Bf8 33. Rh1 a4 34. Bxc5
axb3+ 35. Kxb3 Rxc5 36. Rd8 Be7 37. Re8 Rc7 38. Nxh6 Rb7+ 39. Kc4 Rc7+ 40. Kb3
Rb7+ 41. Kc2 Rg2+ 42. Kd3 Rd7+ 43. Kc4 Rc7+ 44. Kd3 Rd7+ 45. Kc4 Rc7+ 1/2-1/2

[Event "I Torneo Primavera C.A. Alcorcon 2019"]
[Site "Alcorcón ESP"]
[Date "2019.04.28"]
[Round "5.4"]
[White "Del Rio Perezagua, Mario"]
[Black "Bustos Bernardo, Samuel"]
[Result "0-1"]
[WhiteElo "1819"]
[BlackElo "2178"]
[PlyCount "120"]
[EventDate "2019.03.24"]
[EventType "swiss"]
[EventRounds "9"]
[EventCountry "ESP"]
[SourceTitle "Ajedrez en Madrid"]
[Source "lmi"]
[SourceDate "2019.03.24"]
[SourceVersion "1"]
[SourceVersionDate "2019.05.22"]
[SourceQuality "1"]

1. d4 Nf6 2. Nc3 e6 3. e4 d5 4. Bg5 Be7 5. e5 Nfd7 6. h4 h6 7. Bxe7 Qxe7 8. f4
a6 9. Qg4 O-O 10. O-O-O c5 11. Nf3 Nc6 12. h5 b5 13. dxc5 Nxc5 14. Nd4 Nxd4 15.
Rxd4 b4 16. Ne2 Ne4 17. Qf3 Qc5 18. Qe3 Qe7 19. g4 a5 20. Ng3 a4 21. Nxe4 dxe4
22. g5 b3 23. a3 hxg5 24. fxg5 Qc5 25. c3 Qxe5 26. Rxe4 Qf5 27. Bd3 Ra5 28. g6
Bb7 29. Reh4 Re5 30. Bxf5 Rxe3 31. gxf7+ Kh8 32. Bg6 Bxh1 33. Rxh1 Rf3 34. Re1
R8xf7 35. Rxe6 Rf8 36. c4 Rd8 37. Re8+ Rxe8 38. Bxe8 Rf4 39. Bb5 Rd4 40. c5 Rd5
41. Bxa4 Rxc5+ 42. Kb1 Rxh5 43. Bxb3 g5 44. Be6 Rh6 45. Bd7 Rd6 46. Bf5 Kg7 47.
Kc2 Kf6 48. Bh3 Rd4 49. Kc3 Rf4 50. Bg2 Rf2 51. Bb7 g4 52. b4 g3 53. Kc4 Ra2
54. Kc5 Ke7 55. b5 Rxa3 56. Bd5 Kd7 57. b6 Ra5+ 58. Kd4 Rxd5+ 59. Kxd5 g2 60.
b7 Kc7 0-1

[Event "I Torneo Primavera C.A. Alcorcon 2019"]
[Site "Alcorcón ESP"]
[Date "2019.04.28"]
[Round "5.5"]
[White "Barahona Torrijos, Angel"]
[Black "Martin Lozano, Miguel Angel"]
[Result "1-0"]
[WhiteElo "1821"]
[BlackElo "1724"]
[PlyCount "85"]
[EventDate "2019.03.24"]
[EventType "swiss"]
[EventRounds "9"]
[EventCountry "ESP"]
[SourceTitle "Ajedrez en Madrid"]
[Source "lmi"]
[SourceDate "2019.03.24"]
[SourceVersion "1"]
[SourceVersionDate "2019.05.22"]
[SourceQuality "1"]

1. d4 e6 2. Nf3 f5 3. c4 Nf6 4. Nc3 Bb4 5. Bg5 Bxc3+ 6. bxc3 h6 7. Bxf6 Qxf6 8.
e3 O-O 9. Bd3 b6 10. Qc2 Bb7 11. e4 d6 12. d5 fxe4 13. Bxe4 exd5 14. cxd5 Ba6
15. Nd4 Nd7 16. Ne6 Nc5 17. Bh7+ Kh8 18. Nxf8 Qe5+ 19. Kd1 Qxd5+ 20. Kc1 Rxf8
21. f3 Re8 22. Be4 Nxe4 23. fxe4 Rxe4 24. Rd1 Qg5+ 25. Qd2 Qc5 26. Re1 Qa3+ 27.
Kc2 Qa4+ 28. Kb2 Qb5+ 29. Kc1 Rc4 30. Rb1 Qc6 31. Kb2 d5 32. Ka1 Rxc3 33. Qf4
Qg6 34. Qa4 b5 35. Qd4 Rc2 36. Rb3 c5 37. Qxd5 Qf6+ 38. Kb1 Rc4 39. Re8+ Kh7
40. Qg8+ Kg6 41. Re6 Rf4 42. Rg3+ Kh5 43. Rxf6 1-0

[Event "I Torneo Primavera C.A. Alcorcon 2019"]
[Site "Alcorcón ESP"]
[Date "2019.04.28"]
[Round "5.6"]
[White "Recuenco Andres, Javier"]
[Black "Nieto Perez, Juan V."]
[Result "1/2-1/2"]
[WhiteElo "1865"]
[BlackElo "1909"]
[PlyCount "137"]
[EventDate "2019.03.24"]
[EventType "swiss"]
[EventRounds "9"]
[EventCountry "ESP"]
[SourceTitle "Ajedrez en Madrid"]
[Source "lmi"]
[SourceDate "2019.03.24"]
[SourceVersion "1"]
[SourceVersionDate "2019.05.22"]
[SourceQuality "1"]

1. e4 d6 2. d4 Nf6 3. Nc3 g6 4. Nf3 Bg7 5. Be2 O-O 6. h3 Nc6 7. Be3 e5 8. Qd2
exd4 9. Nxd4 Nxd4 10. Bxd4 Re8 11. f3 Be6 12. O-O-O Qe7 13. g4 Rad8 14. Be3 d5
15. e5 Nd7 16. Bg5 f6 17. exf6 Bxf6 18. Bxf6 Nxf6 19. Rhe1 c6 20. Bd3 Nd7 21.
f4 Qg7 22. f5 Bf7 23. Qf4 g5 24. Qf2 b6 25. Kb1 Rxe1 26. Rxe1 Re8 27. Rxe8+
Bxe8 28. Qe3 Ne5 29. Ne2 c5 30. Ng1 Kf8 31. Be2 d4 32. Qg3 Bc6 33. h4 h6 34.
hxg5 hxg5 35. c3 dxc3 36. Qxc3 Nd7 37. Qxg7+ Kxg7 38. Bf3 Bb5 39. Kc2 Ne5 40.
Bd1 Kf6 41. Nh3 Bf1 42. Nf2 Bg2 43. Kc3 Ke7 44. b4 Kd6 45. bxc5+ Kxc5 46. Nd3+
Nxd3 47. Kxd3 Kd5 48. Ke3 Ke5 49. Bf3 Bf1 50. Be2 Bg2 51. Bc4 Bc6 52. a3 Bb7
53. Be2 Bc6 54. Bf3 Bd7 55. Be4 Bb5 56. Bd3 Bd7 57. Bc2 Bc6 58. Bb3 b5 59. Bd1
a5 60. Bb3 Bb7 61. Bc2 Bd5 62. Bd3 Bc6 63. Be2 b4 64. axb4 axb4 65. Bc4 Ba4 66.
Kd2 Bc6 67. Ke3 Ba4 68. Kd2 Bc6 69. Ke3 1/2-1/2

[Event "I Torneo Primavera C.A. Alcorcon 2019"]
[Site "Alcorcón ESP"]
[Date "2019.04.28"]
[Round "5.8"]
[White "Ruiz Buendia, Miguel"]
[Black "Lopez Guitian, Juan J."]
[Result "1-0"]
[WhiteElo "1833"]
[BlackElo "1567"]
[PlyCount "65"]
[EventDate "2019.03.24"]
[EventType "swiss"]
[EventRounds "9"]
[EventCountry "ESP"]
[SourceTitle "Ajedrez en Madrid"]
[Source "lmi"]
[SourceDate "2019.03.24"]
[SourceVersion "1"]
[SourceVersionDate "2019.05.22"]
[SourceQuality "1"]

1. e4 c5 2. Nf3 Nc6 3. d4 cxd4 4. Nxd4 d6 5. c4 g6 6. Be3 Bg7 7. Nc3 Nf6 8. Be2
O-O 9. f3 Bd7 10. Qd2 Nxd4 11. Bxd4 Be6 12. O-O-O Qc7 13. b3 a6 14. Kb1 Bd7 15.
Bxf6 exf6 16. Qxd6 Qxd6 17. Rxd6 Bc6 18. Nd5 Bxd5 19. Rxd5 Rfe8 20. Rhd1 f5 21.
Bd3 fxe4 22. fxe4 Kf8 23. Bc2 Bf6 24. b4 Rad8 25. c5 Rxd5 26. exd5 Bc3 27. Ba4
Re2 28. c6 bxc6 29. dxc6 Rb2+ 30. Kc1 Rxb4 31. Rd8+ Kg7 32. c7 Bb2+ 33. Kd1 1-0

[Event "I Torneo Primavera C.A. Alcorcon 2019"]
[Site "Alcorcón ESP"]
[Date "2019.05.05"]
[Round "6.1"]
[White "Arribas Jimenez, Pedro Angel"]
[Black "Aguilera Lopez, Alejandro"]
[Result "1/2-1/2"]
[WhiteElo "1855"]
[BlackElo "2203"]
[PlyCount "115"]
[EventDate "2019.03.24"]
[EventType "swiss"]
[EventRounds "9"]
[EventCountry "ESP"]
[SourceTitle "Ajedrez en Madrid"]
[Source "lmi"]
[SourceDate "2019.03.24"]
[SourceVersion "1"]
[SourceVersionDate "2019.05.22"]
[SourceQuality "1"]

1. e4 c5 2. Nf3 e6 3. d4 cxd4 4. Nxd4 Nf6 5. Bd3 d6 6. O-O Be7 7. Nc3 O-O 8.
Qe2 Nbd7 9. Be3 Nc5 10. Nb3 Nxd3 11. cxd3 Bd7 12. Rfd1 Ne8 13. f4 f5 14. Nd4
Bf6 15. exf5 Bxd4 16. Bxd4 Rxf5 17. Rf1 Qa5 18. a3 Rc8 19. Rac1 b5 20. g3 h5
21. Ne4 Rxc1 22. Rxc1 e5 23. fxe5 dxe5 24. Bc5 Qa6 25. Rf1 Qg6 26. Bxa7 h4 27.
Qg2 Bc6 28. gxh4 Rxf1+ 29. Kxf1 Qh5 30. Ke1 Qxh4+ 31. Qg3 Qe7 32. Bc5 Qe6 33.
Qf2 Bxe4 34. dxe4 Nf6 35. Qf5 Qc4 36. Qxe5 Qc1+ 37. Ke2 Qc2+ 38. Kf3 Qd1+ 39.
Kg2 Qe2+ 40. Bf2 Qxf2+ 41. Kxf2 Ng4+ 42. Ke2 Nxe5 43. Ke3 g6 44. Kd4 Nc4 45. a4
Kf7 46. b4 Ke6 47. axb5 Ne5 48. Kc5 Nd3+ 49. Kc6 Nxb4+ 50. Kc7 Ke5 51. b6 Na6+
52. Kd7 Kxe4 53. Ke6 Nc5+ 54. Kf7 g5 55. Kg6 Kf4 56. h3 Nb7 57. Kf6 Nc5 58. Kg6
1/2-1/2

[Event "I Torneo Primavera C.A. Alcorcon 2019"]
[Site "Alcorcón ESP"]
[Date "2019.05.05"]
[Round "6.2"]
[White "Periotto Miori, Fabrizio Lautaro"]
[Black "Cabañas Bravo, Juan Andres"]
[Result "1-0"]
[WhiteElo "1634"]
[BlackElo "1962"]
[PlyCount "75"]
[EventDate "2019.03.24"]
[EventType "swiss"]
[EventRounds "9"]
[EventCountry "ESP"]
[SourceTitle "Ajedrez en Madrid"]
[Source "lmi"]
[SourceDate "2019.03.24"]
[SourceVersion "1"]
[SourceVersionDate "2019.05.22"]
[SourceQuality "1"]

1. e4 e5 2. Nf3 Nc6 3. Bc4 Bc5 4. d3 Nf6 5. c3 a6 6. Bb3 Ba7 7. Nbd2 O-O 8. O-O
d5 9. exd5 Nxd5 10. Re1 Bg4 11. h3 Bh5 12. Ne4 Re8 13. Ng3 Bg6 14. Bg5 f6 15.
Be3 Bxe3 16. fxe3 Kf8 17. Nh4 Bf7 18. Qg4 Nde7 19. Nh5 Ng6 20. Nf5 Bxb3 21.
axb3 Qxd3 22. Rad1 Qc2 23. Nhxg7 Re7 24. Nxe7 Ncxe7 25. Ne6+ Kg8 26. Nxc7 Rf8
27. Qe6+ Kh8 28. Rd8 Ng8 29. Rxf8 Nxf8 30. Qc4 Qd2 31. Re2 Qd1+ 32. Kf2 Ng6 33.
Qd5 Qb1 34. Qf3 e4 35. Qf5 Ne5 36. Ne8 Nd3+ 37. Kg3 Qd1 38. Qg4 1-0

[Event "I Torneo Primavera C.A. Alcorcon 2019"]
[Site "Alcorcón ESP"]
[Date "2019.05.05"]
[Round "6.3"]
[White "Campos Tores, Jose Luis"]
[Black "Medina Riesgo, Pedro"]
[Result "0-1"]
[WhiteElo "1904"]
[BlackElo "2195"]
[PlyCount "102"]
[EventDate "2019.03.24"]
[EventType "swiss"]
[EventRounds "9"]
[EventCountry "ESP"]
[SourceTitle "Ajedrez en Madrid"]
[Source "lmi"]
[SourceDate "2019.03.24"]
[SourceVersion "1"]
[SourceVersionDate "2019.05.22"]
[SourceQuality "1"]

1. d4 Nf6 2. c4 g6 3. Nc3 Bg7 4. e4 d6 5. f4 c5 6. d5 O-O 7. Nf3 b5 8. cxb5 a6
9. b6 Qxb6 10. Nd2 Nbd7 11. a4 Qc7 12. Be2 Bb7 13. O-O e6 14. dxe6 fxe6 15. a5
Kh8 16. Ra3 Rad8 17. Qb3 d5 18. e5 Ng8 19. Bg4 Rde8 20. Nf3 Nh6 21. Bh3 d4 22.
Na4 Bd5 23. Qc2 Qc6 24. Ng5 Qb5 25. Qd1 Nf7 26. Nf3 Rb8 27. Nb6 Nxb6 28. axb6
Rxb6 29. Nd2 Rd8 30. Bg4 Nh6 31. Bf3 Nf5 32. Bxd5 Rxd5 33. Rb3 Qc6 34. Rxb6
Qxb6 35. Nc4 Qb5 36. Na3 Qc6 37. Qb3 Rd8 38. g4 Ne7 39. Nc4 Qb5 40. Qxb5 axb5
41. Nd6 Rb8 42. Bd2 c4 43. Ra1 Nd5 44. Nf7+ Kg8 45. Ng5 c3 46. bxc3 dxc3 47.
Bc1 b4 48. Ra7 b3 49. Nxe6 b2 50. Rxg7+ Kh8 51. Bxb2 cxb2 0-1

[Event "I Torneo Primavera C.A. Alcorcon 2019"]
[Site "Alcorcón ESP"]
[Date "2019.05.05"]
[Round "6.4"]
[White "Bustos Bernardo, Samuel"]
[Black "Lopez Mijail, Nicolas"]
[Result "1/2-1/2"]
[WhiteElo "2178"]
[BlackElo "1950"]
[PlyCount "66"]
[EventDate "2019.03.24"]
[EventType "swiss"]
[EventRounds "9"]
[EventCountry "ESP"]
[SourceTitle "Ajedrez en Madrid"]
[Source "lmi"]
[SourceDate "2019.03.24"]
[SourceVersion "1"]
[SourceVersionDate "2019.05.22"]
[SourceQuality "1"]

1. d4 Nf6 2. Nf3 e6 3. c4 b6 4. g3 Bb7 5. Bg2 Be7 6. O-O O-O 7. d5 exd5 8. Nh4
c6 9. cxd5 Nxd5 10. Nf5 Nc7 11. e4 d5 12. Nc3 Bf6 13. exd5 cxd5 14. Bf4 Nba6
15. Re1 Nc5 16. Bd6 Re8 17. Rxe8+ Nxe8 18. Bxc5 bxc5 19. Nxd5 Bxd5 20. Bxd5 Rb8
21. Rb1 Qd7 22. Qf3 Rxb2 23. Re1 Rb8 24. Bc6 Qd2 25. Re3 Nc7 26. Nh6+ gxh6 27.
Qxf6 Nd5 28. Bxd5 Qd1+ 29. Kg2 Qxd5+ 30. Kh3 Qh5+ 31. Kg2 Qd5+ 32. Kh3 Qd7+ 33.
Kg2 Qd5+ 1/2-1/2